• 首页
  • 本馆介绍
  • 公告通知
  • 最新文献
  • 馆藏检索
  • 电子资源
  • 读者导购
  • 参考咨询
  • 我的图书馆
  • 登录
  • 详细信息显示
  • 放入我的书架
  • 预约/预借图书
  • 作者相关作品
  • 分类相关作品
  • 丛书相关作品
  • 出版社相关作品

书目信息

  • 表格格式
  • 工作单格式
  • 卡片格式
题名:
新日本语
    
 
作者: 王二贵 编译 ;孙风翔 注释
分册: 一  
出版信息: 太原   山西人民出版社  1985
页数: 677页
开本: 20cm
丛书名:
单 册:
中图分类: H36
科图分类:
主题词: 日语--教材
电子资源:
ISBN:
000 00602nam0 2200229 45
001 0185013973
005 20061104101519.18
010    @dCNY3.65
100    @a19951024d1985 em y0chiy0121 ea
101 0  @achi
102    @aCN@b140000
105    @ay z 000yy
200 10 @a新日本语@h一@Axin ri ben yu@f王二贵编译@g孙风翔注释
210    @a太原@c山西人民出版社@d1985
215    @a677页@d20cm
606    @a日语@x教材
690    @aH36@v3
701  0 @a王二贵@4编译@Awang er gui
702  0 @a孙风翔@4注释@Asun feng xiang
801  2 @aCN@bNLC@c20061104
801  0 @aCN@bTSSF
905    @a10447@dH36@e103:1
    
    新日本语.一/王二贵编译/孙风翔注释.-太原:山西人民出版社,1985
    677页;20cm
    
    
    ISBN :CNY3.65
    
●
相关链接 在E读中查询图书 在五车中查询图书 在当当中查询图书 在豆瓣中查询图书


正题名:新日本语     索取号:H36/103:1         预约/预借

序号 登录号 条形码 馆藏地/架位号 状态 备注
1 0151638   000786251   第二样本阅览室/ [索取号:H36/103:1] 在馆    
唐山师范学院图书馆 欢迎您!
大连网信软件有限公司© 版权所有